<?xml version="1.0" encoding="UTF-8"?>
<record
    xmlns:xsi="http://www.w3.org/2001/XMLSchema-instance"
    xsi:schemaLocation="http://www.loc.gov/MARC21/slim http://www.loc.gov/standards/marcxml/schema/MARC21slim.xsd"
    xmlns="http://www.loc.gov/MARC21/slim">

  <leader>00627nam a2200133   4500</leader>
  <controlfield tag="008">708 AP654a</controlfield>
  <datafield tag="082" ind1=" " ind2=" ">
    <subfield code="a">708</subfield>
    <subfield code="b">AP654a</subfield>
  </datafield>
  <datafield tag="100" ind1=" " ind2=" ">
    <subfield code="a">Paredes, Cecilia et al </subfield>
    <subfield code="9">6983</subfield>
  </datafield>
  <datafield tag="245" ind1=" " ind2=" ">
    <subfield code="a">Apropiaci&#xF3;n de un Espacio:</subfield>
    <subfield code="b">Cecilia Paredes, Sila Chanto, Andr&#xE9;s Carranza </subfield>
  </datafield>
  <datafield tag="260" ind1=" " ind2=" ">
    <subfield code="a">San Jos&#xE9;, Costa Rica</subfield>
    <subfield code="b">Museo de Arte y Dise&#xF1;o Contempor&#xE1;neo</subfield>
    <subfield code="b">Centro Nacional de la Cultura </subfield>
    <subfield code="c">2004</subfield>
  </datafield>
  <datafield tag="300" ind1=" " ind2=" ">
    <subfield code="a">40 p.</subfield>
    <subfield code="b">il (col) </subfield>
    <subfield code="c">20 x 18,5 cm </subfield>
  </datafield>
  <datafield tag="650" ind1=" " ind2=" ">
    <subfield code="x">arte contempor&#xE1;neo </subfield>
    <subfield code="x">arte - exhibiciones </subfield>
    <subfield code="x">arte - instalaci&#xF3;n</subfield>
    <subfield code="x">MADC</subfield>
    <subfield code="x">Costa Rica </subfield>
    <subfield code="x">Paredes, Cecilia </subfield>
    <subfield code="x">Chanto, Sila </subfield>
    <subfield code="x">Carranza, Andr&#xE9;s </subfield>
    <subfield code="9">6984</subfield>
  </datafield>
  <datafield tag="700" ind1=" " ind2=" ">
    <subfield code="a">Barahona Sotela, Rolando (curadur&#xED;a) </subfield>
    <subfield code="9">6985</subfield>
  </datafield>
  <datafield tag="999" ind1=" " ind2=" ">
    <subfield code="c">1760</subfield>
    <subfield code="d">1760</subfield>
  </datafield>
  <datafield tag="952" ind1=" " ind2=" ">
    <subfield code="0">0</subfield>
    <subfield code="1">0</subfield>
    <subfield code="2">ddc</subfield>
    <subfield code="4">0</subfield>
    <subfield code="7">0</subfield>
    <subfield code="a">LV</subfield>
    <subfield code="b">LV</subfield>
    <subfield code="c">Colectivas</subfield>
    <subfield code="d">2019-03-28</subfield>
    <subfield code="l">0</subfield>
    <subfield code="o">708 AP654a</subfield>
    <subfield code="p">001627</subfield>
    <subfield code="r">2019-03-28 00:00:00</subfield>
    <subfield code="w">2019-03-28</subfield>
    <subfield code="y">01</subfield>
  </datafield>
</record>
